Flora of Malaysia illustrated

Bibliographic Details
Main Author: JONES David Thomas] 1952-
Other Authors: German 1957-
Format: Book
Published: Kuala Lumpur : Oxford University Press , 1993
Subjects:

MARC

LEADER 00000cam a2200000 7i4500
001 0000000795
005 20011124.0
020 0 0 |a 9676530441 
090 0 0 |a R581.9595   |b JON 1993 
100 1 0 |a JONES   |h David T. [  |q David Thomas]   |c 1952- 
245 1 0 |a Flora of Malaysia illustrated   |c David T. Jones   |f water-colours by Penny German 
260 0 0 |a Kuala Lumpur :   |b Oxford University Press ,   |c 1993 
300 |a xv, 154 p. :   |b col. ill. ;   |c 29 cm. 
500 0 0 |a Includes index 
650 0 0 |a Botanical illustration 
650 0 0 |a Botany   |z Malaysia 
650 0 0 |a Botany   |z Malaysia   |x Pictorial works 
650 0 0 |a Watercolor painting 
700 0 1 |a German   |h Penny ,   |c 1957- 
998 |a JPSM 
999 |a 0000000587   |b Monograph   |c Reference   |e Default branch